| 000 | 00701nam a2200253 4500 | ||
|---|---|---|---|
| 001 | 1870 | ||
| 010 | _a9789897878336 | ||
| 021 |
_aPT _b528769/24 |
||
| 090 | _a1870 | ||
| 100 | _a20250522d2024 c||y0pory50030103ba | ||
| 101 | _apor | ||
| 102 | _aPT | ||
| 200 |
_aQuase a chegar! _fMaria Inês Almeida _gil. Manel Cruz |
||
| 205 | _a1ª edição | ||
| 210 |
_aLisboa _cNuvem de Letras _d2024 |
||
| 215 |
_a143, [1] p. _cil. _d20 cm |
||
| 225 |
_aDiário de uma miúda como tu _v13 |
||
| 300 | _aBMB-Registado | ||
| 606 |
_9815 _aLiteratura Juvenil |
||
| 675 |
_a087.5 _vBMB _zpor |
||
| 700 |
_aAlmeida _bMaria Inês _f1978- _91076 |
||
| 702 |
_aCruz _bManuel _f1979- _4440 _92691 |
||
| 801 |
_aPT _bBMB _gRPC |
||
| 990 | _cLIVROS | ||